000 00572nam a22002057a 4500
003 UA-OsUOA
001 38367
007 ta
008 20060504b un ||||| |||| 00| 0 ukr d
090 _a32
_bЗ11
942 _cSA
040 _aUA-OsUOA
_bukr
_cUA-OsUOA
_dUA-OsUOA
245 _aЗагальні питання економічних наук. Політекономія
300 _a3 с.
955 _a0
041 _aukr
080 _a32
773 0 _w38366
_tЕкономіка. Економічеі науки
_dК.
_d2006
_g3
650 7 _a32 Політика
_2UDC
999 _c324535
_d324535